| 000 | 00507nam a22001937a 4500 | ||
|---|---|---|---|
| 003 | OSt | ||
| 005 | 20140506091307.0 | ||
| 008 | 140506b xxu||||| |||| 00| 0 eng d | ||
| 020 | _a9780071285520 | ||
| 050 |
_aHM 585 _b.H84 2009 |
||
| 100 | _aHughes, Michael. | ||
| 245 |
_aSociology : _bthe core / _cMichael Hughes. |
||
| 250 | _a9th ed. | ||
| 260 |
_aNew York : _bMcGraw-Hill, _cc2009. |
||
| 300 |
_axxx. 545 p. : _bcol. ill. ; _c23 cm. |
||
| 650 | _aSociology. | ||
| 942 |
_2lcc _cBK |
||
| 999 |
_c115789 _d115789 |
||